Politika zamestnanosti smeruje do závozu
Súčasný stav na trhu práce SR. Analýza príčin vysokej nezamestnanosti. Problémy dlhodobej nezamestnanosti. Nedostatočné nástroje kontroly na úradoch práce. Problém umelo udržiavanej zamestnanosti, na ktorú vydáva Národný úrad práce vysoké finančné prostriedky. Hodnotenie práce Národného úradu práce...
Guardado en:
| Autor principal: | |
|---|---|
| Formato: | Libro |
| Lenguaje: | eslovaco |
| Materias: | |
| Etiquetas: |
Sin Etiquetas, Sea el primero en etiquetar este registro!
|
MARC
| LEADER | 00000nam a2200000 4500 | ||
|---|---|---|---|
| 001 | r030675 | ||
| 005 | 20230921083343.3 | ||
| 041 | 0 | |a slo | |
| 044 | |a SK | ||
| 245 | 1 | 0 | |a Politika zamestnanosti smeruje do závozu |c Eva Reiselová |
| 520 | |a Súčasný stav na trhu práce SR. Analýza príčin vysokej nezamestnanosti. Problémy dlhodobej nezamestnanosti. Nedostatočné nástroje kontroly na úradoch práce. Problém umelo udržiavanej zamestnanosti, na ktorú vydáva Národný úrad práce vysoké finančné prostriedky. Hodnotenie práce Národného úradu práce a jeho krajských úradov. | ||
| 610 | 2 | 0 | |a zamestnanosť |
| 610 | 2 | 0 | |a trh práce |
| 610 | 2 | 0 | |a miesta pracovné |
| 610 | 2 | 0 | |a práce verejnoprospešné |
| 610 | 2 | 0 | |a nezamestnanosť |
| 610 | 2 | 0 | |a Národný úrad práce Bratislava |
| 100 | 1 | |a Reiselová, Eva | |